[Event "Sao Paulo Paulista-ch"]
[Site "Sao Paulo"]
[Date "2007.06.28"]
[Round "1"]
[White "Iwasaki, Roberto"]
[Black "Schutt, Ricardo de Amorim"]
[Result "0-1"]
[WhiteElo "2045"]
[BlackElo "2153"]
[PlyCount "110"]
[EventDate "2007.06.28"]
[EventType "swiss"]
[EventRounds "7"]
[EventCountry "BRA"]
[SourceTitle "CBM 119 Extra"]
[Source "ChessBase"]
[SourceDate "2007.09.04"]
[SourceVersion "1"]
[SourceVersionDate "2007.09.04"]
[SourceQuality "1"]

1. d4 e6 2. c4 Nf6 3. Nc3 Bb4 4. e3 b6 5. Nf3 Bb7 6. Bd3 Ne4 7. Qc2 f5 8. Bd2 Bxc3 9. Bxc3 0-0 10. 0-0-0 Nxc3 11. Qxc3 d6 12. h4 Qf6 13. Kb1 Nd7 14. Bc2 Rae8 15. Ba4 Re7 16. Qa3 a5 17. Qc3 Qg6 18. Bxd7 Rxd7 19. d5 Re7 20. Ng5 Bc8 21. g3 f4+ 22. Ka1 fxe3 23. Qxe3 e5 24. Rd2 h6 25. Ne4 Bg4 26. Rh2 Ref7 27. Nc3 Rf3 28. Qe1 Bf5 29. Nd1 Bd3 30. Ne3 Qe4 31. Qc1 a4 32. a3 Qd4 33. Ka2 e4 34. Qc3 Qc5 35. Qb4 Qd4 36. Qc3 Qf6 37. Qxf6 R8xf6 38. b3 axb3+ 39. Kxb3 Rf8 40. Kb4 Ra8 41. Rh1 Kf7 42. Ra1 Kf6 43. Kb5 Ra5+ 44. Kb4 Ke5 45. Kc3 Ra8 46. Ng4+ Kf5 47. Ne3+ Kf6 48. a4 h5 49. Kd4 Ke7 50. Kc3 Kd7 51. Kd4 Ke7 52. Ng2 Rf6 53. Nf4 g6 54. Ne6 c5+ 55. Kc3 Be2 0-1